| 000 | 00800nam a2200229 u 4500 | ||
|---|---|---|---|
| 005 | 20210223132430.0 | ||
| 008 | 140826s2006 ea r 000 0 spa d | ||
| 020 | _a0736860541 | ||
| 035 | _aUPN01000199149 | ||
| 049 | _aI | ||
| 050 | 4 |
_aG370 P9 _bS6.2 |
|
| 100 | 1 |
_aSmalley, Roger _936216 |
|
| 245 | 1 | 4 |
_aLas aventuras de Marco Polo / _cRoger Smalley ; il. Brian Bascle ; tr. Jessica S. Lilley. |
| 260 |
_aMinnesota, E.U.A. : _bCapstone, _c2006. |
||
| 300 |
_a32 p. : _bprincipalmente il. col. |
||
| 440 | 0 | _aHistoria gráfica en español | |
| 600 | 1 | 4 |
_aPOLO, MARCO, _d1254-1324 - _vLITERATURA INFANTIL _915199 |
| 650 | 4 |
_aEXPLORADORES - _vLITERATURA INFANTIL _911226 |
|
| 650 | 4 |
_aVIAJES ALREDEDOR DEL MUNDO - _vLITERATURA INFANTIL _910274 |
|
| 700 | 1 |
_aBascle, Brian, _eil. |
|
| 905 | _aInfantil | ||
| 999 |
_c171250 _d171250 |
||